Państwa na Mundialu w Katarze 2022 - Statystyki

Ogólne statystyki
  • Ten quiz został rozwiązany 588 razy
  • Średni wynik to 27 z 32
Statystyki odpowiedzi
Hint Państwo % Poprawnych
Grupa C, koszyk 3 Polska
98%
Grupa C, koszyk 1 Argentyna
97%
Grupa D, koszyk 1 Francja
93%
Grupa E, koszyk 2 Niemcy
93%
Grupa B, koszyk 1 Anglia
91%
Grupa C, koszyk 4 Arabia Saudyjska
91%
Grupa E, koszyk 1 Hiszpania
91%
Grupa C, koszyk 2 Meksyk
91%
Grupa H, koszyk 1 Portugalia
91%
Grupa G, koszyk 1 Brazylia
90%
Grupa A, koszyk 2 Holandia
88%
Grupa A, koszyk 1 Katar
88%
Grupa B, koszyk 2 USA
88%
Grupa E, koszyk 3 Japonia
87%
Grupa D, koszyk 4 Peru/ZEA/Australia
83%
Grupa F, koszyk 1 Belgia
82%
Grupa A, koszyk 3 Senegal
82%
Grupa B, koszyk 4 Szkocja/Walia/Ukraina
82%
Grupa F, koszyk 3 Maroko
81%
Grupa F, koszyk 2 Chorwacja
80%
Grupa H, koszyk 3 Korea Południowa
79%
Grupa D, koszyk 2 Dania
78%
Grupa A, koszyk 4 Ekwador
78%
Grupa F, koszyk 4 Kanada
76%
Grupa G, koszyk 2 Szwajcaria
75%
Grupa H, koszyk 2 Urugwaj
75%
Grupa B, koszyk 3 Iran
73%
Grupa G, koszyk 4 Kamerun
72%
Grupa H, koszyk 4 Ghana
71%
Grupa E, koszyk 4 Kostaryka/Nowa Zelandia
71%
Grupa G, koszyk 3 Serbia
68%
Grupa D, koszyk 3 Tunezja
67%
Nie znaleziono quizów pasujących do podanych kryteriów
Rozkład punktacji
Procent ludzi z każdym wynikiem
Percentyl według liczby udzielonych odpowiedzi
Twoja historia wyników
Nie rozwiązałeś tego quizu